Visualizzazione normale
Vista MARC
- Bibbia
di Uniform Title
Records bibliografici associati: 1
001 - CONTROL NUMBER
- control field: 61692
003 - CONTROL NUMBER IDENTIFIER
- control field:
005 - DATE AND TIME OF LATEST TRANSACTION
- control field: 20250226101015.0
008 - FIXED-LENGTH DATA ELEMENTS
- fixed length control field: 250226|| aca||aabn | a|a d
040 ## - CATALOGING SOURCE
- Original cataloging agency:
- Transcribing agency:
130 ## - HEADING--UNIFORM TITLE
- Uniform title: Bibbia
- Language of a work: ita
- Title of a work: Evang. sec. Marcum
670 ## - SOURCE DATA FOUND
- Source citation: Work cat.: ()360400: Van Linden, Philip. autore 61691, Vangelo secondo Marco., 1992